ბათუმის შოთა რუსთაველის სახელმწიფო უნივერსიტეტის ბიბლიოთეკა

ლონგფელო : (ბიბ.ჩანაწერი № 54940)

000 -ლიდერი
ფიქსირებული სიგრძის საკონტროლო ველი 01274nam a2200253Ia 4500
001 - საკონტროლო ნომერი
საკონტროლო ველი 22011
003 - საკონტროლო ნომრის იდენტიფიკატორი
საკონტროლო ველი GE_BSU
005 - ბოლო ოპერაციის თარიღი და დრო
საკონტროლო ველი 20220926150153.0
008 - ფიქსირებული სიგრძის მონაცემთა ელემენტები - ზოგადი ინფორმაცია
ფიქსირებული სიგრძის საკონტროლო ველი 181216s ||||ge |||||||||||||| || ||
040 ## - კატალოგიზაციის წყარო
Transcribing agency GE_BSU
041 ## - ენის კოდი
Language code of text/sound track or separate title geo
080 ## - უნივერსალური ათობითი კლასიფიკაციის ინდექსი
Universal Decimal Classification number 821.111(73)(092ლონგფელო) ვ-65
100 ## - მთავარი ჩანაწერი - პიროვნების სახელი
Personal name ვლადიმირსკაია, ვერა
9 (RLIN) 14809
245 ## - ცნობა სათაურის შესახებ
Title ლონგფელო :
Remainder of title [ამერიკელი პოეტი, მთარგმნელი და მეცნიერი] /
Statement of responsibility, etc ვერა ვლადიმირსკაია, რევაზ სურგულაძე.
250 ## - გამოცემის ცნობა
Edition statement 1-ლი გამოცემა
264 ## - წარმოების, გამოცემის, დისტრიბუციის და სხვა ცნობები
გამოცემის, წარმოების, დისტრიბუციის... ადგილი თბილისი :
გამოცემის, წარმოების, დისტრიბუციის... სახელწოდება ნაკადული,
გამოცემის, წარმოების, დისტრიბუციის... თარიღი 1984.
300 ## - ფიზიკური აღწერა
Extent 186 გვ. :
Other physical details 1 ფ. პორტრ. ;
Dimensions 20 სმ.
490 ## - სერიის ცნობა
Series statement გამოჩენილ ადამიანთა ცხოვრება
Volume number/sequential designation 69
653 ## - INDEX TERM--UNCONTROLLED
Uncontrolled term ლონგფელო : [ამერიკელი პოეტი, მთარგმნელი და მეცნიერი]
653 ## - INDEX TERM--UNCONTROLLED
Uncontrolled term მხატვრული ლიტერატურა
700 ## - ADDED ENTRY--PERSONAL NAME
Personal name სურგულაძე, რევაზ
Relator term ავტორი
9 (RLIN) 14810
942 ## - ADDED ENTRY ELEMENTS (KOHA)
Koha item type წიგნი
Source of classification or shelving scheme
ეგზემპლარები
ჩამოწერის სტატუსი დაკარგული ეგზემპლარის სტატუსი კლასიფიკაციის წყარო ან თაროზე გაწყობის სქემა დაზიანების სტატუსი არ გაიცემა მუდმივი მდებარეობა (დაცვის ადგილი) ამჟამინდელი ადგილსამყოფელი თაროზე განთავსების ადგილი შეძენის თარიღი ღირებულება, შესყიდვის ნორმალური ფასი სრული შენახვის შიფრი შტრიხკოდი ბოლო ოპერაციის თარიღი ეგზემპლარის მიმდევრობითი ნომერი (კეტერი?) ფასის ძალაში შესვლის თარიღი ეგზემპლარის სახეობა საჯარო შენიშვნა
          ბათუმის შოთა რუსთაველის სახელმწიფო უნივერსიტეტის მთავარი ბიბლიოთეკა ბათუმის შოთა რუსთაველის სახელმწიფო უნივერსიტეტის მთავარი ბიბლიოთეკა წიგნსაცავი 2018-12-17 5.00 821.111(73)(092ლონგფელო) ვ-65 56739 2018-12-17 56739 2018-12-17 წიგნი 5.00 ₾.